| 000 | 01314cad a22002535a 4500 | ||
|---|---|---|---|
| 001 | L142796 | ||
| 008 | 071210s2008 xxkad f s 000 0 eng d | ||
| 035 | _a(Sirsi) u142796 | ||
| 041 | 0 | _aeng | |
| 050 | 0 | 4 | _a333.33 $2 18 |
| 110 | 2 |
_aRoyal Institution of Chartered Surveyors _bEconomics _95033 |
|
| 245 | 0 | 0 |
_aRICS UK economic brief _bMarch 2007 _h[electronic resource] |
| 260 |
_aLondon _bRICS _c2007 |
||
| 490 | 0 |
_aRICS UK Economic Brief _vMarch 2007 |
|
| 520 | _aReports that the credit crunch is impacting negatively on the residential property market with mortgage approvals falling sharply. The commercial property market showed a 12% drop in capital values over the year. Output in construction sector for Q4 slowed down to 3.2% from 3.5% the previous quarter. Finds that conditions in the mortgage market continue to suppress demand within the housing market. | ||
| 590 | _aKA | ||
| 650 | 2 | 4 | _aRICS UK ECONOMIC BRIEF |
| 651 | 4 |
_aUnited Kingdom _y |
|
| 690 | _aBUILT ENVIRONMENT-CONSTRUCTION MARKET | ||
| 690 | _aPROPERTY-COMMERCIAL PROPERTY-COMMERCIAL PROPERTY MARKET | ||
| 690 | _aPROPERTY-RESIDENTIAL PROPERTY- RESIDENTIAL PROPERTY MARKET | ||
| 856 | 4 | 0 |
_uhttps://www.rics.org/site/download_feed.aspx?fileID=937&fileExtension=PDF _zView the report free of charge at www.rics.org... |
| 942 | _n0 | ||
| 999 |
_c107976 _d107976 |
||